Project appraisal monitoring and evaluation processes with special reference to Pakistan / (Record no. 3373)
[ view plain ]
| 000 -LEADER | |
|---|---|
| fixed length control field | 01040nam a2200277 a 4500 |
| 001 - CONTROL NUMBER | |
| control field | 2501572 |
| 003 - CONTROL NUMBER IDENTIFIER | |
| control field | OSt |
| 005 - DATE AND TIME OF LATEST TRANSACTION | |
| control field | 20170105101215.0 |
| 008 - FIXED-LENGTH DATA ELEMENTS--GENERAL INFORMATION | |
| fixed length control field | 911226s1991 pk a b 000 0 eng |
| 010 ## - LIBRARY OF CONGRESS CONTROL NUMBER | |
| LC control number | 91930761 |
| 020 ## - INTERNATIONAL STANDARD BOOK NUMBER | |
| International Standard Book Number | 9694071178 : |
| Terms of availability | Rs500.00 ($45.00 U.S.) |
| 040 ## - CATALOGING SOURCE | |
| Original cataloging agency | DLC |
| Transcribing agency | DLC |
| 043 ## - GEOGRAPHIC AREA CODE | |
| Geographic area code | a-pk--- |
| 050 00 - LIBRARY OF CONGRESS CALL NUMBER | |
| Classification number | HD75.9 |
| Item number | .H87 1991 |
| 100 1# - MAIN ENTRY--PERSONAL NAME | |
| Personal name | Hussain, Ch. Muhammed, |
| Dates associated with a name | 1931- |
| 245 10 - TITLE STATEMENT | |
| Title | Project appraisal monitoring and evaluation processes with special reference to Pakistan / |
| Statement of responsibility, etc. | Ch. Muhammed Hussain. |
| 250 ## - EDITION STATEMENT | |
| Edition statement | 2nd rev. & enl. ed. |
| 260 ## - PUBLICATION, DISTRIBUTION, ETC. | |
| Place of publication, distribution, etc. | Karachi, Pakistan : |
| Name of publisher, distributor, etc. | Royal Book Co., |
| Date of publication, distribution, etc. | 1991. |
| 300 ## - PHYSICAL DESCRIPTION | |
| Extent | xxxxiii [i.e. xliii], 491 p. : |
| Other physical details | ill. ; |
| Dimensions | 23 cm. |
| 504 ## - BIBLIOGRAPHY, ETC. NOTE | |
| Bibliography, etc. note | Includes bibliographical references (p. 474-487). |
| 650 #0 - SUBJECT ADDED ENTRY--TOPICAL TERM | |
| Topical term or geographic name entry element | Economic development projects |
| General subdivision | Evaluation. |
| 650 #0 - SUBJECT ADDED ENTRY--TOPICAL TERM | |
| Topical term or geographic name entry element | Economic development projects |
| Geographic subdivision | Pakistan |
| General subdivision | Evaluation. |
| 906 ## - LOCAL DATA ELEMENT F, LDF (RLIN) | |
| a | 7 |
| b | cbc |
| c | orignew |
| d | 3 |
| e | ncip |
| f | 19 |
| g | y-gencatlg |
| 942 ## - ADDED ENTRY ELEMENTS (KOHA) | |
| Source of classification or shelving scheme | |
| Koha item type | Book |
| Withdrawn status | Lost status | Source of classification or shelving scheme | Damaged status | Not for loan | Collection code | Permanent Location | Current Location | Shelving location | Date acquired | Full call number | Barcode | Date last seen | Price effective from | Koha item type |
|---|---|---|---|---|---|---|---|---|---|---|---|---|---|---|
| NUST Law School (NLS) | NUST Law School (NLS) | General Stacks | 06/03/2016 | 330.95491 HUS | S3H-N-857 | 06/03/2016 | 06/03/2016 | Book |
